| 000 | 01219nam a2200289 a 4500 | ||
|---|---|---|---|
| 001 | 000022622 | ||
| 003 | DO-SdBNP | ||
| 005 | 20250602113834.0 | ||
| 008 | 101014s1992 dr a 001 0 spa d | ||
| 040 |
_aDO-SdBNP _bspa _cBNPHU |
||
| 082 |
_a970.016 _bB467m |
||
| 100 | 1 |
_aBenítez, Fernando _946558 |
|
| 245 | 1 | 0 |
_a1992 : _b¿qué celebramos, qué lamentamos? / _cFernando Benítez. |
| 246 | 1 | 0 |
_aMil novecientos noventa y dos : _b¿qué celebramos, qué lamentamos? |
| 260 |
_aSanto Domingo : _bTaller, _c1992. |
||
| 300 |
_a294 p. : _bil. ; _c23 cm. |
||
| 490 | 1 |
_aBiblioteca Taller _v287 |
|
| 500 | _aIncluye datos biográficos del autor en la solapa de la cubierta. | ||
| 590 | _aInventariado, 2020/BT | ||
| 600 | 1 | 4 |
_aCOLÓN, CRISTÓBAL, _d1451?-1506 _xENSAYOS, CONFERENCIAS, ETC. _940401 |
| 651 | 0 |
_aAmérica del Sur _xHistoria _yGuerras de Independencia, 1806-1830 _zEspañoles _vEnsayo, conferencias, etc. _94537 |
|
| 651 | 4 |
_aAmérica _xDescripciones y viajes _946560 _vEnsayos, conferencias, etc. |
|
| 651 | 0 |
_aRepública Dominicana -- _xHistoria -- _yDescubrimiento y conquista, 1492-1503 _9255 |
|
| 830 | 0 |
_aBiblioteca Taller _v287 _9164 |
|
| 910 | _aValidado. Control de calidad EMS | ||
| 942 |
_2ddc _cLBS1 |
||
| 999 |
_c22119 _d22119 |
||